Digital Fluency (Record no. 220877)

MARC details
000 -LEADER
fixed length control field 00621nam a22002297a 4500
005 - DATE AND TIME OF LATEST TRANSACTION
control field 20211206113759.0
008 - FIXED-LENGTH DATA ELEMENTS--GENERAL INFORMATION
fixed length control field 211206b ||||| |||| 00| 0 eng d
040 ## - CATALOGING SOURCE
Transcribing agency AL
041 ## - LANGUAGE CODE
Language code of text/sound track or separate title eng
082 ## - DEWEY DECIMAL CLASSIFICATION NUMBER
Edition number 23
Item number KUMD
Classification number 006.3
100 ## - MAIN ENTRY--PERSONAL NAME
Personal name Puneet Kumar
100 ## - MAIN ENTRY--PERSONAL NAME
9 (RLIN) 11259
245 ## - TITLE STATEMENT
Title Digital Fluency
250 ## - EDITION STATEMENT
Edition statement New Edition
260 ## - PUBLICATION, DISTRIBUTION, ETC.
Place of publication, distribution, etc. Ludhiana
Name of publisher, distributor, etc. Kalyani Publishers
Date of publication, distribution, etc. 2021
300 ## - PHYSICAL DESCRIPTION
Extent 228 p.
Other physical details PB
Dimensions 24x18 cm.
365 ## - TRADE PRICE
Price type code 3982
Price amount ₹156.00
Currency code
Unit of pricing ₹195.00
Price note 20%
Price effective from 3-12-2021
650 ## - SUBJECT ADDED ENTRY--TOPICAL TERM
Topical term or geographic name entry element Internet
9 (RLIN) 11229
650 ## - SUBJECT ADDED ENTRY--TOPICAL TERM
Topical term or geographic name entry element E-mail
9 (RLIN) 11230
650 ## - SUBJECT ADDED ENTRY--TOPICAL TERM
Topical term or geographic name entry element Word Processor
9 (RLIN) 11231
700 ## - ADDED ENTRY--PERSONAL NAME
Personal name KUMAR (Puneet)
9 (RLIN) 11232
942 ## - ADDED ENTRY ELEMENTS (KOHA)
Source of classification or shelving scheme Dewey Decimal Classification
Koha item type Book
Holdings
Withdrawn status Lost status Source of classification or shelving scheme Damaged status Not for loan Collection code Home library Current library Date acquired Source of acquisition Cost, normal purchase price Total Checkouts Full call number Barcode Date last seen Cost, replacement price Price effective from Koha item type
    Dewey Decimal Classification     Management St Aloysius Library St Aloysius Library 12/04/2021 Biblios Book Point 156.00   006.3 KUMD 075158 12/06/2021 195.00 12/06/2021 Book